000
00331nam a2200121Ia 4500
008
220216s9999 xx 000 0 und d
100
_a
Salmiah U
245
0
_a
Wood decay assessment on lignicolous fungi
260
_b
Journal of Tropical Forest Products
_c
2001
300
_a
74-81
500
_a
CAB CD 2002/08-2003/10
942
_c
BO
999
_c
47901
_d
47901